Ναρκωτικά και κοινωνικός αποκλεισμός : κοινωνικές πολιτικές αντιμετώπισης του : πτυχιακή εργασία
Αποθηκεύτηκε σε:
| Κύριος συγγραφέας: | |
|---|---|
| Συγγραφή απο Οργανισμό/Αρχή: | |
| Άλλοι συγγραφείς: | |
| Μορφή: | Thesis Βιβλίο |
| Γλώσσα: | Greek |
| Δημοσίευση: |
Μυτιλήνη :
Πανεπιστήμιο Αιγαίου, Τμήμα Κοινωνιολογίας,
[2003]
|
| Θέματα: | |
| Διαθέσιμο Online: | http://hdl.handle.net/11610/7772 |
| Ετικέτες: |
Προσθήκη ετικέτας
Δεν υπάρχουν, Καταχωρήστε ετικέτα πρώτοι!
|
MARC
| LEADER | 00000cam a2200000 i 4500 | ||
|---|---|---|---|
| 001 | 1/84228 | ||
| 008 | 050829s2003 gre d | ||
| 035 | |l 10079971 | ||
| 040 | |a GR-MY-UA |b gre |e aacr | ||
| 041 | 0 | |a gre | |
| 082 | 0 | |a 362.293 |2 (22) | |
| 100 | 1 | |a Ιακώβου, Νικολέττα. | |
| 245 | 1 | 0 | |a Ναρκωτικά και κοινωνικός αποκλεισμός : |b κοινωνικές πολιτικές αντιμετώπισης του : πτυχιακή εργασία / |c Ιακώβου Νικολέττα ; υπεύθυνος καθηγητής Τσομπανόγλου Γεώργιος |
| 260 | |a Μυτιλήνη : |b Πανεπιστήμιο Αιγαίου, Τμήμα Κοινωνιολογίας, |c [2003] | ||
| 300 | |a 199 σ.; |c 30 εκ. | ||
| 502 | # | # | |a Πτυχιακή εργασία – Πανεπιστήμιο Αιγαίου, Λέσβος, 2003. |
| 504 | |a Βιβλιογραφία: 85-86 | ||
| 650 | 0 | 0 | |a Drugs. |
| 650 | 0 | 0 | |a Social isolation. |
| 650 | 0 | 0 | |a Marginality, Social. |
| 650 | 0 | 0 | |a Drug abuse |x Social aspects. |
| 650 | 0 | 0 | |a Narcotics. |
| 650 | 0 | 0 | |a Dissertations, Academic |z Greece. |
| 700 | 1 | |4 ths |a Τσομπάνογλου, Γεώργιος Οδ. | |
| 710 | 2 | |a Πανεπιστήμιο Αιγαίου |b Σχολή Κοινωνικών Επιστημών |b Τμήμα Κοινωνιολογίας. | |
| 852 | |a INST |b LESVOS |c DIATR |e 20050829 |h 35 |p 005100031218 |q 005100031218 |t DIE |y 23 | ||
| 852 | |a INST |b LESVOS |c DIATR |e 20050829 |h 36 |p 005100031217 |q 005100031217 |t DIE |y 23 | ||
| 856 | |u http://hdl.handle.net/11610/7772 | ||
| 901 | |a BIBL1-2005-2 | ||
| 909 | |a Λ |b 106179 | ||
| 909 | |a Λ |b 106180 | ||
| 924 | |a ΙΑΚΩΒΟΥ |b ΝΙΚΟΛΕΤΤΑ |y ΛΕΣΒΟΣ |z 2005-08 | ||
| 970 | |a ΜΑΡΙΝΑΤΟΥ |b ΜΥΡΣΙΝΗ |z 2005/08/29 | ||